Stretching Animals Quiz Stats

Quiz Updated Apr 11, 2016

Also try: Fluffy Animals
Challenge
Share
Tweet
Score 0/18 Timer 04:00
0 Plays Today
% Correct
Bear
99.7%
Fox
99.3%
Turtle
98.9%
Lion
98.6%
Hippo
98.3%
Dog
98.3%
Rabbit
98%
Polar bear
97.8%
Wolf
97.7%
% Correct
Snail
97.1%
Seal
96.9%
Squirrel
96.5%
Kangaroo
95.8%
Cheetah
94.6%
Chimpanzee
94.4%
Frog
94.1%
Hedgehog
89.2%
Chipmunk
86.5%

You're not logged in!

Compare scores with friends on all Sporcle quizzes.
Join for Free
OR
Log In

You Might Also Like...

Show Comments

Extras

Top Quizzes Today


Score Distribution

Your Account Isn't Verified!

In order to create a playlist on Sporcle, you need to verify the email address you used during registration. Go to your Sporcle Settings to finish the process.

Report this User

Report this user for behavior that violates our Community Guidelines.

Details: